Medallero de los Juegos Olímpicos - Londres 1948 - Estadísticas

Estadísticas generales
  • Esta prueba ha sido intentada 8 veces
  • La puntuación promedio es 6 de 10
Estadísticas de respuestas
Oro Plata Bronce Total País % Correcto
38 27 19 84 Estados Unidos
100%
10 6 13 29 Francia
86%
8 11 8 27 Italia
86%
3 14 6 23 Reino Unido
71%
8 7 5 20 Finlandia
57%
16 11 17 44 Suecia
57%
5 10 5 20 Suiza
57%
10 5 12 27 Hungría
43%
5 2 9 16 Países Bajos
43%
5 7 8 20 Dinamarca
29%
No se encontraron pruebas coincidentes
Distribución de puntuación
Porcentaje de gente con cada puntuación
Porcentaje por número respondido
Historial de tus puntuaciones
No has intentado esta prueba.